[Event "Madrid ch  2012-13 - Semifinal B"]
[Site "Madrid"]
[Date "2013.03.23"]
[Round "7.10"]
[White "Tirado Parra, Alberto"]
[Black "Cabañas Bravo, Juan Andres"]
[Result "1/2-1/2"]
[WhiteElo "1896"]
[BlackElo "2103"]
[PlyCount "130"]
[EventDate "2013.03.07"]
[EventType "swiss"]
[EventRounds "9"]
[EventCountry "ESP"]
[Source "lmi"]
[SourceDate "2013.03.07"]

1. Nf3 Nf6 2. c4 g6 3. b4 Bg7 4. Bb2 O-O 5. g3 a5 6. a3 axb4 7. axb4 Rxa1 8.
Bxa1 Nc6 9. b5 Na5 10. Qa4 b6 11. Bg2 Nb7 12. d4 d5 13. cxd5 Nxd5 14. e4 Nf6
15. Nbd2 Bd7 16. O-O Bh6 17. Bc3 Nd6 18. e5 Nxb5 19. exf6 Nxc3 20. Qc4 Nb5 21.
fxe7 Qxe7 22. Re1 Qd8 23. Ne4 Nd6 24. Nxd6 cxd6 25. Qb4 Bc6 26. Rb1 Qf6 27. Ne1
Bxg2 28. Kxg2 Rb8 29. Ra1 Bg7 30. Nf3 g5 31. h3 h5 32. Ra5 bxa5 33. Qxb8+ Kh7
34. Qb5 Kh6 35. Qxa5 g4 36. hxg4 hxg4 37. Qd2+ Kh7 38. Qc2+ Qg6 39. Ng5+ Kh6
40. Qxg6+ Kxg6 41. Ne4 Bf8 42. f3 f5 43. Nf2 Kg5 44. fxg4 fxg4 45. Ne4+ Kf5 46.
Nc3 Bg7 47. Nb5 Ke6 48. Kf2 Bh6 49. Nc7+ Kf5 50. Ne8 d5 51. Nd6+ Ke6 52. Ne8
Bd2 53. Ke2 Ba5 54. Ng7+ Kf6 55. Ne8+ Kf5 56. Nd6+ Ke6 57. Nb5 Kd7 58. Ke3 Bb4
59. Kd3 Be1 60. Nc3 Ke6 61. Ne2 Kf5 62. Nf4 Bxg3 63. Nxd5 Bf2 64. Ne3+ Kf4 65.
Nxg4 Kxg4 1/2-1/2

[Event "Madrid ch  2012-13 - Semifinal B"]
[Site "Madrid"]
[Date "2013.03.23"]
[Round "7.11"]
[White "Garcia Serrano, Jose Manuel II"]
[Black "Arroyo Fernandez, Francisco J"]
[Result "1-0"]
[WhiteElo "1892"]
[BlackElo "1832"]
[PlyCount "47"]
[EventDate "2013.03.07"]
[EventType "swiss"]
[EventRounds "9"]
[EventCountry "ESP"]
[Source "lmi"]
[SourceDate "2013.03.07"]

1. e4 d6 2. d4 Nf6 3. Nc3 c6 4. f4 Qa5 5. Bd3 e5 6. Nf3 exd4 7. Nxd4 Qb6 8. Be3
Ng4 9. Bg1 Qxb2 10. Nde2 d5 11. a3 Bb4 12. axb4 Qxb4 13. exd5 O-O 14. Ra4 Qd6
15. h3 Qh6 16. Bc5 Re8 17. Re4 Rxe4 18. Bxe4 Nd7 19. dxc6 bxc6 20. O-O Ngf6 21.
Bxc6 Rb8 22. Qd6 Qh5 23. Bxa7 Ne8 24. Qe7 1-0

[Event "Madrid ch  2012-13 - Semifinal B"]
[Site "Madrid"]
[Date "2013.03.23"]
[Round "7.12"]
[White "Camarero Izquierdo, Juan Carlos"]
[Black "Martin Hernandez, Vicente"]
[Result "0-1"]
[WhiteElo "1934"]
[BlackElo "2005"]
[PlyCount "70"]
[EventDate "2013.03.07"]
[EventType "swiss"]
[EventRounds "9"]
[EventCountry "ESP"]
[Source "lmi"]
[SourceDate "2013.03.07"]

1. d4 d5 2. Nc3 Nf6 3. Bg5 e6 4. e4 dxe4 5. Nxe4 Be7 6. Bxf6 Bxf6 7. Nf3 b6 8.
Bb5+ c6 9. Be2 Bb7 10. Qd2 Qe7 11. Nxf6+ Qxf6 12. Ne5 O-O 13. Bf3 Rd8 14. O-O-O
Qe7 15. Qc3 Na6 16. h4 c5 17. Bxb7 Qxb7 18. Nf3 cxd4 19. Rxd4 Rxd4 20. Qxd4 Rc8
21. h5 h6 22. Rh3 Qc6 23. Qd2 Nb4 24. c3 Qe4 25. a3 Nd3+ 26. Kd1 Rd8 27. Nd4
Nf4 28. Rh4 Qb1+ 29. Qc1 Qd3+ 30. Qd2 Qf1+ 31. Kc2 e5 32. Rg4 Ne6 33. f3 exd4
34. Qxh6 d3+ 35. Kb3 d2 0-1

[Event "Madrid ch  2012-13 - Semifinal B"]
[Site "Madrid"]
[Date "2013.03.23"]
[Round "7.13"]
[White "Plazuelo Pascual, Juan"]
[Black "Garcia Sanz, Eduardo"]
[Result "1-0"]
[WhiteElo "1872"]
[BlackElo "2003"]
[PlyCount "69"]
[EventDate "2013.03.07"]
[EventType "swiss"]
[EventRounds "9"]
[EventCountry "ESP"]
[Source "lmi"]
[SourceDate "2013.03.07"]

1. e4 c5 2. Nf3 e6 3. d4 cxd4 4. Nxd4 Nf6 5. Nc3 Nc6 6. Ndb5 Bb4 7. a3 Bxc3+ 8.
Nxc3 d5 9. exd5 exd5 10. Bd3 O-O 11. O-O d4 12. Ne4 Nxe4 13. Bxe4 Qh4 14. Re1
Bg4 15. Qd3 Rfe8 16. Bf4 Qf6 17. Qg3 Bf5 18. Bxf5 Qxf5 19. Bh6 Qf6 20. Bd2 Ne5
21. Qf4 Qxf4 22. Bxf4 Nc4 23. Red1 Nxb2 24. Rxd4 Rac8 25. Rb4 Rxc2 26. Rxb7
Rce2 27. Be3 a5 28. Kf1 Rc2 29. Ra2 Rd8 30. g3 a4 31. Raxb2 Rc3 32. Rb8 Rf8 33.
Rxf8+ Kxf8 34. Rb4 Ke8 35. Rxa4 1-0

[Event "Madrid ch  2012-13 - Semifinal B"]
[Site "Madrid"]
[Date "2013.04.05"]
[Round "8.1"]
[White "Arruebarrena, Rafael"]
[Black "Vukotic Jovsic, Dragan"]
[Result "1-0"]
[WhiteElo "2245"]
[BlackElo "1993"]
[PlyCount "55"]
[EventDate "2013.03.07"]
[EventType "swiss"]
[EventRounds "9"]
[EventCountry "ESP"]
[Source "lmi"]
[SourceDate "2013.03.07"]

1. e4 c5 2. Nf3 d6 3. d4 cxd4 4. Nxd4 Nf6 5. Nc3 g6 6. Be3 Bg7 7. f3 O-O 8. Qd2
Nc6 9. Bc4 Bd7 10. O-O-O Rb8 11. Bb3 Na5 12. Bh6 Nxb3+ 13. cxb3 Bxh6 14. Qxh6
Qa5 15. Kb1 Rfc8 16. h4 Rc5 17. g4 Rbc8 18. h5 g5 19. Nf5 Bxf5 20. gxf5 Rxc3
21. Qxg5+ Kf8 22. bxc3 Qxc3 23. Qg2 a5 24. Qe2 Ra8 25. Rc1 Qe5 26. Qb2 Qf4 27.
Rc3 Nxe4 28. Rc8+ 1-0

[Event "Madrid ch  2012-13 - Semifinal B"]
[Site "Madrid"]
[Date "2013.04.05"]
[Round "8.2"]
[White "Cano Cabanillas, Javier"]
[Black "Madurga Lopez, Ignacio"]
[Result "0-1"]
[WhiteElo "2007"]
[BlackElo "2027"]
[PlyCount "76"]
[EventDate "2013.03.07"]
[EventType "swiss"]
[EventRounds "9"]
[EventCountry "ESP"]
[Source "lmi"]
[SourceDate "2013.03.07"]

1. e4 c5 2. Nf3 d6 3. d4 cxd4 4. Nxd4 Nf6 5. Nc3 Nc6 6. h3 Nxd4 7. Qxd4 g6 8.
Bb5+ Bd7 9. Bxd7+ Qxd7 10. e5 dxe5 11. Qxe5 Bg7 12. O-O O-O 13. Rd1 Qc6 14.
Qxe7 Rfe8 15. Qb4 Ne4 16. Bd2 a5 17. Qb3 Nxf2 18. Rf1 a4 19. Qd5 Qxd5 20. Nxd5
Rad8 21. Rxf2 Rxd5 22. c3 Bf8 23. Kf1 Bc5 24. Re2 Rf5+ 25. Ke1 Rxe2+ 26. Kxe2
Rf2+ 27. Kd3 Rxg2 28. b4 Bf8 29. Re1 Rh2 30. Re8 Rxh3+ 31. Kc4 f5 32. Rb8 f4
33. Rxb7 f3 34. Be3 Rh2 35. Kb5 Rxa2 36. c4 Bxb4 37. Bh6 Bf8 38. Rb8 Rb2+ 0-1

[Event "Madrid ch  2012-13 - Semifinal B"]
[Site "Madrid"]
[Date "2013.04.05"]
[Round "8.3"]
[White "Estrada Martinez, Cesar"]
[Black "Muñoz Manzano, Jose Manuel"]
[Result "1-0"]
[WhiteElo "2050"]
[BlackElo "2011"]
[PlyCount "65"]
[EventDate "2013.03.07"]
[EventType "swiss"]
[EventRounds "9"]
[EventCountry "ESP"]
[Source "lmi"]
[SourceDate "2013.03.07"]

1. Nf3 Nf6 2. d4 d5 3. Bf4 e6 4. e3 c5 5. c3 Nc6 6. Bd3 Bd6 7. Bxd6 Qxd6 8. O-O
O-O 9. Nbd2 e5 10. dxe5 Nxe5 11. Nxe5 Qxe5 12. Nf3 Qh5 13. Be2 Qg6 14. Kh1 Re8
15. Bd3 Qh5 16. Be2 Qh6 17. b4 b6 18. Bb5 Re6 19. bxc5 bxc5 20. c4 Bb7 21. Rb1
Rb6 22. a4 Ne4 23. Qc2 Qg6 24. Rbc1 dxc4 25. Bxc4 Rb8 26. Ne5 Qg5 27. Nxf7 Qh4
28. Nd6+ Kh8 29. Nxb7 R8xb7 30. Bd5 Rh6 31. h3 Re7 32. Bxe4 Qg4 33. f3 1-0

[Event "Madrid ch  2012-13 - Semifinal B"]
[Site "Madrid"]
[Date "2013.04.05"]
[Round "8.4"]
[White "Hinojar Diez, David"]
[Black "Lopez Ziegler, Carlos"]
[Result "1-0"]
[WhiteElo "2172"]
[BlackElo "1913"]
[PlyCount "91"]
[EventDate "2013.03.07"]
[EventType "swiss"]
[EventRounds "9"]
[EventCountry "ESP"]
[Source "lmi"]
[SourceDate "2013.03.07"]

1. e4 c5 2. Nf3 e6 3. d4 cxd4 4. Nxd4 Nc6 5. Nc3 Qc7 6. a3 a6 7. Be3 Nf6 8. Nb3
Ne5 9. Qd4 Neg4 10. Bg5 Be7 11. h3 Ne5 12. f4 Nc6 13. Qe3 h6 14. Bxf6 gxf6 15.
Be2 b5 16. Bf3 Bb7 17. Rd1 O-O-O 18. O-O Na5 19. Kh1 Nc4 20. Qc1 Qb6 21. Rd3 h5
22. Ne2 h4 23. Nbd4 d5 24. exd5 Bxd5 25. Bxd5 Rxd5 26. b3 Na5 27. c4 bxc4 28.
b4 Nc6 29. Qxc4 Kb7 30. Nxc6 Qxc6 31. Qxc6+ Kxc6 32. Rc1+ Kd7 33. Rxd5+ exd5
34. Kg1 Bd6 35. Kf2 Re8 36. Rd1 Kc6 37. Nd4+ Kb6 38. Nf5 Bxf4 39. Rxd5 Bg5 40.
Nd6 Kc6 41. Rxg5 Kxd6 42. Ra5 Kc6 43. Rxa6+ Kb5 44. Rxf6 Ra8 45. Rf5+ Kc4 46.
Rf4+ 1-0

[Event "Madrid ch  2012-13 - Semifinal B"]
[Site "Madrid"]
[Date "2013.04.05"]
[Round "8.5"]
[White "Ruiz Quevedo, Andres"]
[Black "Garcia Herranz, Jesus"]
[Result "0-1"]
[WhiteElo "1925"]
[BlackElo "1962"]
[PlyCount "120"]
[EventDate "2013.03.07"]
[EventType "swiss"]
[EventRounds "9"]
[EventCountry "ESP"]
[Source "lmi"]
[SourceDate "2013.03.07"]

1. c4 e5 2. g3 g6 3. Bg2 Bg7 4. Nc3 c6 5. e3 Ne7 6. d4 exd4 7. exd4 O-O 8. Nge2
d6 9. O-O Na6 10. Bf4 Nf5 11. Qd2 Nc7 12. d5 c5 13. Bg5 f6 14. Bf4 a5 15. Qc2
Ne8 16. Rad1 Bd7 17. Rfe1 Qc8 18. Bc1 g5 19. Ne4 Nh6 20. N2c3 Nf7 21. Ne2 Bh3
22. Bh1 Bg4 23. f3 Bh5 24. Rd3 Bg6 25. Re3 f5 26. Nf2 f4 27. Re4 Nf6 28. gxf4
Nxe4 29. fxe4 gxf4 30. Nxf4 Ne5 31. Qe2 Rf6 32. Bg2 Kh8 33. Rf1 Qg8 34. Ng4
Nxg4 35. Qxg4 Raf8 36. Ne6 Rxf1+ 37. Bxf1 Bd4+ 38. Nxd4 cxd4 39. Bh6 Bxe4 40.
Qxg8+ Rxg8+ 41. Kf2 Rg6 42. Bc1 Kg7 43. b3 d3 44. Bb2+ Kf7 45. Ke3 Bf5 46. Bxd3
Bxd3 47. Kxd3 Rg2 48. Ba3 Ke7 49. c5 dxc5 50. Bxc5+ Kd7 51. a3 b5 52. Bb6 a4
53. bxa4 bxa4 54. Kc4 Rxh2 55. Bc5 h5 56. Kb5 Rh4 57. Bf2 Re4 58. Kc5 h4 59. d6
h3 60. Bg1 Re2 0-1

[Event "Madrid ch  2012-13 - Semifinal B"]
[Site "Madrid"]
[Date "2013.04.05"]
[Round "8.6"]
[White "Garcia-Ruiz Fuentes, Angel M"]
[Black "Pastor Alonso De Prado, Alberto"]
[Result "0-1"]
[WhiteElo "1952"]
[BlackElo "2161"]
[PlyCount "112"]
[EventDate "2013.03.07"]
[EventType "swiss"]
[EventRounds "9"]
[EventCountry "ESP"]
[Source "lmi"]
[SourceDate "2013.03.07"]

1. e4 e5 2. Nf3 Nc6 3. Bb5 Bc5 4. Nxe5 Qe7 5. Nf3 Qxe4+ 6. Be2 Nge7 7. Nc3 Qg6
8. O-O d6 9. d4 Bb6 10. Be3 O-O 11. Bd3 Qh5 12. Ng5 Qxd1 13. Raxd1 h6 14. Nf3
Nb4 15. a3 Nxd3 16. Rxd3 Re8 17. Na4 Bf5 18. Rd2 Nd5 19. Nxb6 axb6 20. Re1 b5
21. c3 Bg4 22. Rdd1 Re6 23. Bc1 Bxf3 24. gxf3 Rae8 25. Kf1 g5 26. Rxe6 Rxe6 27.
Re1 Kg7 28. Re4 Nf6 29. Re3 Kg6 30. Kg2 Kf5 31. h4 Nd5 32. Rxe6 fxe6 33. hxg5
hxg5 34. Kg3 Nf6 35. Bd2 Nh5+ 36. Kh3 d5 37. b3 Nf4+ 38. Kg3 Nd3 39. Be3 b6 40.
b4 Nf4 41. Bd2 c6 42. Kh2 e5 43. dxe5 Kxe5 44. Kg1 c5 45. Kf1 d4 46. cxd4+ cxd4
47. Ke1 Kf5 48. Kd1 Nh3 49. Ke2 Ng1+ 50. Kd3 Nxf3 51. Bc1 Ke5 52. Bb2 Kd5 53.
Bc1 Ne5+ 54. Kc2 g4 55. Bb2 Ke4 56. Kd1 Nd3 0-1

[Event "Madrid ch  2012-13 - Semifinal B"]
[Site "Madrid"]
[Date "2013.04.05"]
[Round "8.7"]
[White "Sotoca Aguado, Jose"]
[Black "Garcia Serrano, Jose Manuel II"]
[Result "0-1"]
[WhiteElo "1976"]
[BlackElo "1892"]
[PlyCount "76"]
[EventDate "2013.03.07"]
[EventType "swiss"]
[EventRounds "9"]
[EventCountry "ESP"]
[Source "lmi"]
[SourceDate "2013.03.07"]

1. e4 e5 2. Nf3 Nc6 3. Bb5 a6 4. Ba4 Nf6 5. O-O Nxe4 6. d4 b5 7. Bb3 d5 8. dxe5
Be6 9. Qe2 Be7 10. Rd1 Nc5 11. c4 Nxb3 12. axb3 bxc4 13. bxc4 d4 14. Qe4 Qd7
15. Nxd4 Rd8 16. Be3 Bc5 17. Nc3 Nxd4 18. Bxd4 Bxd4 19. c5 Bf5 20. Qf4 g5 21.
Qxg5 Qe6 22. c6 f6 23. exf6 Bxf6 24. Qf4 Bxc3 25. Rxd8+ Kxd8 26. bxc3 Re8 27.
h3 Be4 28. Rxa6 Bxc6 29. Qd4+ Kc8 30. Qc5 Qe1+ 31. Kh2 Bb7 32. Qf5+ Kb8 33. Rh6
Rg8 34. g4 Qxc3 35. Rxh7 Re8 36. Qf4 Re1 37. f3 Re2+ 38. Kg3 Qe1# 0-1

[Event "Madrid ch  2012-13 - Semifinal B"]
[Site "Madrid"]
[Date "2013.04.05"]
[Round "8.8"]
[White "Brull Cortes, Boris"]
[Black "Rojas Pozo, Jose Luis"]
[Result "0-1"]
[WhiteElo "1953"]
[BlackElo "1973"]
[PlyCount "120"]
[EventDate "2013.03.07"]
[EventType "swiss"]
[EventRounds "9"]
[EventCountry "ESP"]
[Source "lmi"]
[SourceDate "2013.03.07"]

1. d4 d5 2. Nc3 c6 3. f3 e6 4. Bf4 Bb4 5. a3 Bxc3+ 6. bxc3 Qa5 7. Qd2 b6 8. Bd6
Nf6 9. Bb4 Qa4 10. e4 c5 11. e5 Nfd7 12. Ne2 Ba6 13. Qg5 O-O 14. Nf4 Qxc2 15.
dxc5 bxc5 16. Ba5 Bxf1 17. Kxf1 Nc6 18. Bc7 h6 19. Qh5 Qxc3 20. Re1 Qc4+ 21.
Ne2 f6 22. Bd6 Rf7 23. Rc1 Qd3 24. Kf2 Ncxe5 25. Nf4 Qd2+ 26. Kg3 Nd3 27. Nxd3
Qxd3 28. Rhe1 Qxa3 29. Ra1 Qb2 30. Rab1 Qc2 31. Qg4 f5 32. Qh4 Rf6 33. Kh3 f4
34. Rb7 Qf5+ 35. Qg4 Qxg4+ 36. fxg4 Nf8 37. Bxc5 a5 38. Reb1 f3 39. gxf3 Rxf3+
40. Kg2 Rf7 41. Rxf7 Kxf7 42. Rb7+ Kf6 43. Bd4+ e5 44. Rb6+ Ne6 45. Ba1 a4 46.
h4 a3 47. Rb5 Nf4+ 48. Kf3 a2 49. Rb3 Ne6 50. Ke3 Ra4 51. Rb5 Re4+ 52. Kf2 d4
53. g5+ hxg5 54. hxg5+ Kxg5 55. Ra5 Kf4 56. Rxa2 g5 57. Ra7 Re3 58. Bb2 Ke4 59.
Re7 Nc5 60. Ba3 Rxa3 0-1

[Event "Madrid ch  2012-13 - Semifinal B"]
[Site "Madrid"]
[Date "2013.04.05"]
[Round "8.9"]
[White "Martin Hernandez, Vicente"]
[Black "Cabañas Bravo, Juan Andres"]
[Result "1/2-1/2"]
[WhiteElo "2005"]
[BlackElo "2103"]
[PlyCount "161"]
[EventDate "2013.03.07"]
[EventType "swiss"]
[EventRounds "9"]
[EventCountry "ESP"]
[Source "lmi"]
[SourceDate "2013.03.07"]

1. d4 Nf6 2. c4 g6 3. Nc3 d5 4. cxd5 Nxd5 5. e4 Nxc3 6. bxc3 c5 7. Be3 Bg7 8.
Bc4 Nc6 9. Ne2 cxd4 10. cxd4 Qa5+ 11. Qd2 Qxd2+ 12. Kxd2 O-O 13. Rhd1 Na5 14.
Rac1 Bd7 15. Rc3 b5 16. Bd5 Rac8 17. Rdc1 e6 18. Bb3 Nxb3+ 19. axb3 Rxc3 20.
Rxc3 Rc8 21. Rxc8+ Bxc8 22. b4 Bb7 23. Kd3 Bf8 24. Bd2 f5 25. f3 Kf7 26. g4 h6
27. h4 g5 28. hxg5 hxg5 29. Nc1 fxg4 30. fxg4 Kg6 31. Ke3 Bd6 32. Nd3 Bh2 33.
Nc5 Bc8 34. e5 Bg1+ 35. Kd3 Bf2 36. Ne4 Bh4 37. Nd6 Bd7 38. Ke3 Bc6 39. Nc8 Kf7
40. Nxa7 Bd7 41. Ke4 Ke7 42. d5 exd5+ 43. Kxd5 Be6+ 44. Ke4 Bd7 45. Kd5 Bxg4
46. Nxb5 Bf3+ 47. Kd4 g4 48. Be3 Be1 49. Nc3 Ke6 50. Ne4 Be2 51. Bf2 Bxb4 52.
Bg3 Ba3 53. Ke3 Bd1 54. Kd2 Bb3 55. Kd3 Ba2 56. Nd6 Bb1+ 57. Ke2 Bb2 58. Kf2
Bd4+ 59. Kg2 Ba2 60. Bf4 Bxe5 61. Bxe5 Kxe5 62. Nb5 Kf4 63. Nc3 Bc4 64. Nd1
Bd5+ 65. Kg1 g3 66. Nc3 Bf3 67. Nb5 Ke5 68. Nc7 Bc6 69. Na6 Kd6 70. Nb4 Be4 71.
Na2 Kc5 72. Nc1 Bf3 73. Nd3+ Kd4 74. Nf4 Ke3 75. Ng2+ Bxg2 76. Kxg2 Kf4 77. Kg1
Kf3 78. Kf1 Kg4 79. Kg2 Kh4 80. Kg1 Kh3 81. Kh1 1/2-1/2

[Event "Madrid ch  2012-13 - Semifinal B"]
[Site "Madrid"]
[Date "2013.04.05"]
[Round "8.10"]
[White "Ruiz Sanchez, Roberto"]
[Black "Tirado Parra, Alberto"]
[Result "0-1"]
[WhiteElo "1981"]
[BlackElo "1896"]
[PlyCount "66"]
[EventDate "2013.03.07"]
[EventType "swiss"]
[EventRounds "9"]
[EventCountry "ESP"]
[Source "lmi"]
[SourceDate "2013.03.07"]

1. e4 d5 2. exd5 Nf6 3. d4 Bg4 4. Nf3 Qxd5 5. Nc3 Qh5 6. Bf4 Bxf3 7. gxf3 c6 8.
Bc4 e6 9. Qe2 Bb4 10. O-O-O Bxc3 11. bxc3 Qf5 12. Qe5 Qxe5 13. Bxe5 Nbd7 14.
Bf4 b5 15. Bb3 a5 16. a4 Nb6 17. axb5 cxb5 18. Be5 Nfd5 19. Bxg7 Rg8 20. Be5
Nxc3 21. Rd3 Rc8 22. d5 Nbxd5 23. Kd2 b4 24. Rd4 f6 25. Bg3 a4 26. Bc4 Kd7 27.
Rh4 Rg7 28. Bd3 a3 29. Bc4 e5 30. Bb3 Kc6 31. f4 Rd7 32. fxe5 Nf4+ 33. Kc1
Nfe2# 0-1

[Event "Madrid ch  2012-13 - Semifinal B"]
[Site "Madrid"]
[Date "2013.04.05"]
[Round "8.11"]
[White "Marcos Herrero, Francisco"]
[Black "Plazuelo Pascual, Juan"]
[Result "1-0"]
[WhiteElo "1912"]
[BlackElo "1872"]
[PlyCount "113"]
[EventDate "2013.03.07"]
[EventType "swiss"]
[EventRounds "9"]
[EventCountry "ESP"]
[Source "lmi"]
[SourceDate "2013.03.07"]

1. d4 Nf6 2. c4 g6 3. g3 Bg7 4. Bg2 O-O 5. Nc3 d6 6. Nf3 Nc6 7. O-O a6 8. Qd3
e5 9. dxe5 dxe5 10. Qxd8 Rxd8 11. Bg5 Re8 12. Nd5 Nxd5 13. cxd5 Nb4 14. e4 c6
15. Bd2 Nd3 16. dxc6 bxc6 17. b3 Be6 18. Ba5 c5 19. Rfd1 Nb4 20. Ng5 Nc6 21.
Nxe6 Rxe6 22. Bc3 Nd4 23. Bf1 a5 24. Bc4 Rb6 25. Kf1 Kf8 26. Bd5 Ra7 27. Rac1
Ke7 28. Bb2 Rc7 29. Rc4 Rb4 30. Rdc1 Kd6 31. Bc3 Rxc4 32. bxc4 Ra7 33. Rb1 f5
34. a4 fxe4 35. Bxe4 Bh6 36. h4 Kc7 37. Bd5 Bf8 38. Bd2 Nc6 39. Bxc6 Kxc6 40.
Rb5 Rd7 41. Ke2 Rd4 42. Rxa5 Rxc4 43. Ra8 Bd6 44. a5 Kb7 45. Rh8 h5 46. Rg8 Rg4
47. Be1 e4 48. Bd2 Ka6 49. Bg5 Kxa5 50. Rxg6 Be5 51. Rh6 c4 52. Rxh5 Ka4 53.
Be3 Bb2 54. Kd1 Kb3 55. Rb5+ Ka2 56. Kc2 Ba3 57. Ra5 1-0

[Event "Madrid ch  2012-13 - Semifinal B"]
[Site "Madrid"]
[Date "2013.04.05"]
[Round "8.13"]
[White "Lacaci Otero, Ivan"]
[Black "Alonso Herrero, Ignacio"]
[Result "1-0"]
[WhiteElo "1694"]
[BlackElo "1799"]
[PlyCount "85"]
[EventDate "2013.03.07"]
[EventType "swiss"]
[EventRounds "9"]
[EventCountry "ESP"]
[Source "lmi"]
[SourceDate "2013.03.07"]

1. e4 e5 2. Nf3 Nf6 3. Nxe5 d6 4. Nf3 Nxe4 5. Qe2 Qe7 6. d3 Nf6 7. Bg5 Qxe2+ 8.
Bxe2 Be7 9. Nc3 c6 10. O-O O-O 11. Ne4 Nbd7 12. Rfe1 d5 13. Ng3 h6 14. Bf1 Bc5
15. Be3 Bxe3 16. Rxe3 Re8 17. Rae1 Rxe3 18. Rxe3 Nf8 19. Nh4 g6 20. h3 d4 21.
Re1 Be6 22. Ne4 Nxe4 23. Rxe4 c5 24. g4 Nd7 25. Re1 Nf6 26. Nxg6 Nd5 27. Bg2
Nb4 28. a3 Nxc2 29. Re2 Na1 30. Nf4 Re8 31. Bd5 Bd7 32. Rxe8+ Bxe8 33. Bxb7 Nb3
34. Bd5 Na5 35. Ne2 Bb5 36. b4 cxb4 37. axb4 Nc6 38. Bxc6 Bxc6 39. Nxd4 Bd5 40.
Nf5 Kh7 41. f4 h5 42. Kf2 Be6 43. Ke3 1-0

[Event "Madrid ch  2012-13 - Semifinal B"]
[Site "Madrid"]
[Date "2013.04.06"]
[Round "9.1"]
[White "Madurga Lopez, Ignacio"]
[Black "Estrada Martinez, Cesar"]
[Result "1-0"]
[WhiteElo "2027"]
[BlackElo "2050"]
[PlyCount "77"]
[EventDate "2013.03.07"]
[EventType "swiss"]
[EventRounds "9"]
[EventCountry "ESP"]
[Source "lmi"]
[SourceDate "2013.03.07"]

1. e4 c5 2. Nf3 d6 3. d4 cxd4 4. Nxd4 Nf6 5. Nc3 Nc6 6. Bc4 e6 7. Be3 Be7 8.
Qe2 O-O 9. O-O-O Qc7 10. Kb1 a6 11. Bb3 Bd7 12. Rhg1 b5 13. a3 Rfb8 14. g4 Nxd4
15. Bxd4 b4 16. axb4 Rxb4 17. g5 Ne8 18. Rg3 g6 19. f4 a5 20. f5 a4 21. fxe6
Bxe6 22. Nd5 Qb7 23. Nxe7+ Qxe7 24. Bxe6 Qxe6 25. Re3 Rab8 26. Bc3 Rc4 27. Rd5
Rbc8 28. Qd3 a3 29. e5 Qg4 30. Rg3 Qf4 31. exd6 Rxc3 32. bxc3 a2+ 33. Kxa2 Rb8
34. Qa6 Qc1 35. Rb5 Qxc2+ 36. Ka3 Qc1+ 37. Kb4 Qb2+ 38. Kc5 Qf2+ 39. Kc6 1-0

[Event "Madrid ch  2012-13 - Semifinal B"]
[Site "Madrid"]
[Date "2013.04.06"]
[Round "9.2"]
[White "Arruebarrena, Rafael"]
[Black "Cano Cabanillas, Javier"]
[Result "1-0"]
[WhiteElo "2245"]
[BlackElo "2007"]
[PlyCount "133"]
[EventDate "2013.03.07"]
[EventType "swiss"]
[EventRounds "9"]
[EventCountry "ESP"]
[Source "lmi"]
[SourceDate "2013.03.07"]

1. e4 c6 2. d4 d5 3. Nd2 dxe4 4. Nxe4 Bf5 5. Ng3 Bg6 6. h4 h6 7. Nf3 Nd7 8. h5
Bh7 9. Bd3 Bxd3 10. Qxd3 e6 11. Bf4 Qa5+ 12. Bd2 Qc7 13. O-O-O Ngf6 14. Kb1 Bd6
15. Ne4 Nxe4 16. Qxe4 Nf6 17. Qe2 O-O-O 18. c4 c5 19. Bc3 Kb8 20. dxc5 Qxc5 21.
Ne5 Qc7 22. Rc1 Bc5 23. Rh4 Rhe8 24. g3 Ka8 25. Ng4 Be7 26. Nxf6 Bxf6 27. Bxf6
gxf6 28. c5 Rd5 29. c6 Red8 30. cxb7+ Qxb7 31. Rhc4 Re5 32. Qc2 Rb8 33. Rc7 Qb5
34. Rc8 Qb7 35. Rxb8+ Kxb8 36. Qd2 Rd5 37. Qxh6 Qe7 38. Qf4+ e5 39. Qg4 Qe6 40.
Qg8+ Kb7 41. h6 Rd2 42. Qf8 Qf5+ 43. Ka1 Qc2 44. Qxf7+ Ka8 45. Qg8+ Kb7 46.
Qb3+ Qxb3 47. axb3 Rd7 48. Rh1 Rh7 49. Kb1 Kc6 50. Kc2 Kd5 51. Kd3 f5 52. f3
Ke6 53. g4 Rd7+ 54. Ke2 Rh7 55. Rh5 f4 56. Kd3 Rd7+ 57. Kc4 Rc7+ 58. Kb5 Rh7
59. Kc6 e4 60. fxe4 f3 61. g5 f2 62. Rh1 Ke5 63. Rf1 Rf7 64. Kc5 Kxe4 65. g6
Rf5+ 66. Kc4 Rg5 67. h7 1-0

[Event "Madrid ch  2012-13 - Semifinal B"]
[Site "Madrid"]
[Date "2013.04.06"]
[Round "9.3"]
[White "Garcia Herranz, Jesus"]
[Black "Vukotic Jovsic, Dragan"]
[Result "1-0"]
[WhiteElo "1962"]
[BlackElo "1993"]
[PlyCount "91"]
[EventDate "2013.03.07"]
[EventType "swiss"]
[EventRounds "9"]
[EventCountry "ESP"]
[Source "lmi"]
[SourceDate "2013.03.07"]

1. Nf3 e6 2. d4 b5 3. g3 Bb7 4. Bg2 Nf6 5. O-O c5 6. c3 Be7 7. Bg5 Qb6 8. a4 a6
9. Nbd2 d6 10. Re1 Nbd7 11. a5 Qa7 12. e4 h6 13. Bxf6 gxf6 14. Nf1 O-O-O 15. d5
Kb8 16. b4 Ne5 17. Ne3 h5 18. Nxe5 fxe5 19. h4 cxb4 20. cxb4 Qd4 21. Qb3 Rc8
22. Rac1 Rxc1 23. Rxc1 Rc8 24. Rxc8+ Bxc8 25. Qb1 Bf8 26. Bf3 Bh6 27. Qe1 f5
28. dxe6 Bxe6 29. exf5 Bf7 30. f6 Bxe3 31. fxe3 Qc4 32. Qd1 Qe6 33. Qc2 d5 34.
Qc5 e4 35. Be2 Qxf6 36. Kg2 Be8 37. Qxd5 Qh6 38. Qd8+ Kb7 39. Qxe8 Qxe3 40.
Qxh5 Qd4 41. Qg4 Qxb4 42. h5 Qxa5 43. Qxe4+ Kb6 44. h6 Qc3 45. h7 b4 46. Qe8
1-0

[Event "Madrid ch  2012-13 - Semifinal B"]
[Site "Madrid"]
[Date "2013.04.06"]
[Round "9.4"]
[White "Pastor Alonso De Prado, Alberto"]
[Black "Hinojar Diez, David"]
[Result "0-1"]
[WhiteElo "2161"]
[BlackElo "2172"]
[PlyCount "106"]
[EventDate "2013.03.07"]
[EventType "swiss"]
[EventRounds "9"]
[EventCountry "ESP"]
[Source "lmi"]
[SourceDate "2013.03.07"]

1. e4 c5 2. c3 Nf6 3. e5 Nd5 4. d4 e6 5. Nf3 cxd4 6. cxd4 Nc6 7. Nc3 Nxc3 8.
bxc3 d6 9. Bf4 Be7 10. Bd3 dxe5 11. Nxe5 Nxe5 12. Bxe5 O-O 13. O-O Bd7 14. Qb1
g6 15. Qxb7 Rc8 16. c4 a5 17. Rfd1 Ba4 18. Rf1 Bc6 19. Qb2 f6 20. Bf4 Bc5 21.
Be3 Rf7 22. Rad1 Rb7 23. Qe2 Bd6 24. d5 exd5 25. cxd5 Ba4 26. Rb1 Re7 27. Qg4
Bd7 28. Qh4 Re5 29. Bb6 Qe7 30. g3 Rh5 31. Qe4 Re5 32. Qf3 Bh3 33. Bd4 Bxf1 34.
Bxe5 Qxe5 35. Kxf1 Rc5 36. Re1 Qd4 37. Re4 Qa1+ 38. Kg2 Be5 39. Bc4 f5 40. Qe3
Bd6 41. Rd4 Kg7 42. Rh4 Rc7 43. Bb3 f4 44. Qe6 f3+ 45. Kxf3 Qh1+ 46. Kg4 h5+
47. Kg5 Qc1+ 48. Qe3 Be7+ 49. Kf4 g5+ 50. Kf5 Qxe3 51. fxe3 gxh4 52. Ke6 hxg3
53. hxg3 Bb4 0-1

[Event "Madrid ch  2012-13 - Semifinal B"]
[Site "Madrid"]
[Date "2013.04.06"]
[Round "9.5"]
[White "Muñoz Manzano, Jose Manuel"]
[Black "Garcia Serrano, Jose Manuel II"]
[Result "1-0"]
[WhiteElo "2011"]
[BlackElo "1892"]
[PlyCount "109"]
[EventDate "2013.03.07"]
[EventType "swiss"]
[EventRounds "9"]
[EventCountry "ESP"]
[Source "lmi"]
[SourceDate "2013.03.07"]

1. d4 d5 2. c4 e6 3. Nf3 Nf6 4. g3 Bd6 5. Bg2 Nbd7 6. Nbd2 c6 7. O-O O-O 8. Re1
Ne4 9. Nxe4 dxe4 10. Ng5 Nf6 11. Nxe4 Nxe4 12. Bxe4 f5 13. Bg2 f4 14. e4 Bb4
15. Rf1 e5 16. dxe5 Qxd1 17. Rxd1 fxg3 18. Be3 gxf2+ 19. Bxf2 Bg4 20. Rd3 b6
21. a3 Be7 22. Bh3 Bxh3 23. Rxh3 Rad8 24. Be3 Rd3 25. Kg2 Rb3 26. Bd4 Rxh3 27.
Kxh3 Rf3+ 28. Kg4 Rd3 29. Bc3 Kf7 30. e6+ Kg6 31. Rg1 Bg5 32. Rg3 h5+ 33. Kh3
Rxg3+ 34. Kxg3 Bf6 35. Bxf6 Kxf6 36. Kh4 g6 37. e7 Kxe7 38. Kg5 Kf7 39. e5 a5
40. a4 c5 41. b3 Ke6 42. Kxg6 Kxe5 43. Kxh5 Kd4 44. h4 Kc3 45. Kg4 Kxb3 46. h5
Kxc4 47. h6 Kb4 48. h7 Kxa4 49. h8=Q b5 50. Kf4 b4 51. Ke4 b3 52. Kd3 Ka3 53.
Qa1+ Kb4 54. Qc3+ Ka4 55. Kc4 1-0